000 00857nam a2200289 i 4500
003 EG-GICUC
005 20260225122143.0
008 260225s1947 uk ||||fr|||| 00| 0 eng d
040 _aEG-GiCUC
_beng
_cEG-GiCUC
_dEG-GiCUC
_erda
082 0 4 _221
_a341.73
_bBU . P
092 0 4 _221
099 _aLaw1 11 341.73 BU . P 1947
100 1 _aButler, Harold
_eAuthor.
245 1 0 _aPeace or Power /
_b
_cHarold Butler.
264 1 _aLondon :
_bFaber and Faber Ltd,
_c1947.
300 _a269pages :
_billustrations,
_c24 cm
336 _2rda content
_atext
337 _2rda media
_aComputer
338 _2rda carrier
_aOnline Resource
504 _a
546 _aText in English
650 1 4 _aPublic international law
_2
651 1 _2
856 4 0 _uhttps://fll.law.cu.edu.eg/fulltext/bks/B11-07573.pdf
905 _a50
942 _2ddc
_cBK
_e21
_n0
999 _c64206
_d64206